ბათუმის შოთა რუსთაველის სახელმწიფო უნივერსიტეტის ბიბლიოთეკა

თხზულებანი : 10 ტომად. ტ. 6, ვაზის ყვავილობა : (ბიბ.ჩანაწერი № 42047)

000 -ლიდერი
ფიქსირებული სიგრძის საკონტროლო ველი 01540nam a2200277Ia 4500
001 - საკონტროლო ნომერი
საკონტროლო ველი 8737
003 - საკონტროლო ნომრის იდენტიფიკატორი
საკონტროლო ველი GE_BSU
005 - ბოლო ოპერაციის თარიღი და დრო
საკონტროლო ველი 20240529162235.0
008 - ფიქსირებული სიგრძის მონაცემთა ელემენტები - ზოგადი ინფორმაცია
ფიქსირებული სიგრძის საკონტროლო ველი 181216s2010||||ge |||||||||||||| ||geo||
020 ## - წიგნის საერთაშორისო სტანდარტული ნომერი
International Standard Book Number 9789941160578
040 ## - კატალოგიზაციის წყარო
Transcribing agency GE_BSU
041 ## - ენის კოდი
Language code of text/sound track or separate title geo
080 ## - უნივერსალური ათობითი კლასიფიკაციის ინდექსი
Universal Decimal Classification number 821.353.1-31 გ–19
100 ## - მთავარი ჩანაწერი - პიროვნების სახელი
Relator code გამსახურდია, კონსტანტინე
245 ## - ცნობა სათაურის შესახებ
Title თხზულებანი : 10 ტომად. ტ. 6, ვაზის ყვავილობა :
Remainder of title პროლოგიანი და ეპილოგიანი რომანი /
Statement of responsibility, etc გ.კ. ; რედაქტორი ნათელა ჭყოიძე ; შემდგენელი : მანანა არჩვაძე-გამსახურდია ; მხატვარი გია ცხადაია.
264 ## - წარმოების, გამოცემის, დისტრიბუციის და სხვა ცნობები
გამოცემის, წარმოების, დისტრიბუციის... ადგილი თბილისი :
გამოცემის, წარმოების, დისტრიბუციის... სახელწოდება საქართველოს მაცნე,
გამოცემის, წარმოების, დისტრიბუციის... თარიღი 2010.
300 ## - ფიზიკური აღწერა
Extent 692 გვ. ;
Dimensions 20 სმ.
653 ## - INDEX TERM--UNCONTROLLED
Uncontrolled term ვაზის ყვავილობა
653 ## - INDEX TERM--UNCONTROLLED
Uncontrolled term თხზულებანი
653 ## - INDEX TERM--UNCONTROLLED
Uncontrolled term პროლოგიანი და ეპილოგიანი რომანი
700 ## - ADDED ENTRY--PERSONAL NAME
Personal name არჩვაძე-გამსახურდია, მანანა
Relator term შემდგენელი
9 (RLIN) 1396
700 ## - ADDED ENTRY--PERSONAL NAME
Personal name ჭყოიძე, ნათელა
Relator term რედაქტორი
9 (RLIN) 1338
700 ## - ADDED ENTRY--PERSONAL NAME
Personal name ცხადაია, გია
Relator term ილუსტრატორი
9 (RLIN) 5598
942 ## - ADDED ENTRY ELEMENTS (KOHA)
Koha item type წიგნი
Source of classification or shelving scheme
ეგზემპლარები
ჩამოწერის სტატუსი დაკარგული ეგზემპლარის სტატუსი კლასიფიკაციის წყარო ან თაროზე გაწყობის სქემა დაზიანების სტატუსი არ გაიცემა მუდმივი მდებარეობა (დაცვის ადგილი) ამჟამინდელი ადგილსამყოფელი თაროზე განთავსების ადგილი შეძენის თარიღი ღირებულება, შესყიდვის ნორმალური ფასი სრული შენახვის შიფრი შტრიხკოდი ბოლო ოპერაციის თარიღი ეგზემპლარის მიმდევრობითი ნომერი (კეტერი?) ფასის ძალაში შესვლის თარიღი ეგზემპლარის სახეობა საჯარო შენიშვნა
          ბათუმის შოთა რუსთაველის სახელმწიფო უნივერსიტეტის მთავარი ბიბლიოთეკა ბათუმის შოთა რუსთაველის სახელმწიფო უნივერსიტეტის მთავარი ბიბლიოთეკა წიგნსაცავი 2018-12-17 12.00 821.353.1-31 გ–19 26783 2018-12-17 26783 2018-12-17 წიგნი 10.00 ₾.